Taylor Swift Songs From The First Lyric - Statistics

General Stats
  • This quiz has been taken 58 times
  • The average score is 10 of 13
Answer Stats
First Lyric Song % Correct
It feels like a perfect night / To dress up like hipsters 22
96%
Midnight / You come and pick me up, no headlights Style
94%
I can see you standing, honey / With his arms around your body exile
89%
I forget how the West was won / I forget if this was ever fun But Daddy I Love Him
87%
Drownin' in the Blue Nile / He sent me "Downtown Lights" Guilty as Sin?
85%
The moon is high / Like your friends were the night that we first met Paper Rings
85%
I, I loved you in secret / First sight, yeah, we love without reason Dancing With Our Hands Tied
83%
I washed my hands of us at the club / You made a mess of me Hits Different
81%
I still remember the look on your face / Lit through the darkness at 1:58 Last Kiss
79%
And the tennis court was covered up / With some tent-like thing cowboy like me
77%
How many days did I spend thinking / 'Bout how you did me wrong, wrong, wrong? I Forgot That You Existed
72%
It's strange to think the songs we used to sing / The smiles, the flowers, everything is gone Should've Said No
66%
In the heat of the fight, I walked away / Ignorin' words that you were sayin', tryna make me stay The Other Side Of The Door
49%
No matching quizzes found
Score Distribution
Percent of People with Each Score
Percentile by Number Answered
Your Score History
You have not taken this quiz